LEADER 01215nam a2200277 u 4500 001 000000114249 003 CaOOAMICUS 005 20090116120143.0 008 090116s2008 it u000 u ita u 020 $z978-88-598-0322-5* 040 $aPUL$bita$dLDB 100 1 $aBianchi, Giorgio.$0(OLS)http://pul/name/67261 245 13$aIl bilancio delle società :$bprincipi di redazione e guida alla lettura /$cGiorgio Bianchi. 260 $aPadova :$bCEDAM,$c2008. 300 $axiii, 721 p. ;$c24 cm. 490 1 $aManuali professionali 504 $aBibliografia : p. [709]-716. 650 4$aImprese$xContabilità.$0(OLS)http://pul/subject/34456 650 4$aBilancio.$0(OLS)http://pul/subject/24358 830 0$aManuali professionali.$0(OLS)http://pul/title/143586 850 $aPUL 852 $aPUL$W1$xSL Diritto e Scienze Sociali 3$y79$m346. 45 BIAGI 3$j130552$qDDC 21$B129631$CPULBib$Z2$F129631 $H109086 $82 941 1 $a9 996 $6020$z978-88-598-0322-5*$9(OLS)http://pul/number/139433 996 $6245$aIl bilancio delle società :$bprincipi di redazione e guida alla lettura$9(OLS)http://pul/title/143585 996 $6260$aPadova :$bCEDAM$9(OLS)http://pul/publisher/48126 LEADER 01835nam a2200373 u 4500 001 000000051939 003 CaOOAMICUS 005 20130228113800.0 008 001004s2000 it u000 u ita u 020 $a88-215-4279-3 035 $a10857154 040 $aPUL$bita$dBAV 245 03$aIl Concilio Vaticano II :$brecezione e attualità alla luce del Giubileo /$ca cura di Rino Fisichella. 260 $aCinisello Balsamo :$bSan Paolo,$cc2000. 300 $a766 p. ;$c25 cm 500 $aIn testa al front.: Comitato centrale del Grande Giubileo dell'anno 2000. 504 $aComprende indicazioni bibliografiche. 611 24$aConcilium Vaticanum$n(2 :$d1962-1965).$0(OLS)http://pul/subject/71 650 4$aGiubilei cristiani$y2025$xTesti liturgici.$0(OLS)http://pul/subject/17075 700 1 $aFisichella, Rino,$cvescovo.,$d1951-$0(OLS)http://pul/name/21522 710 2 $aComitato centrale del grande giubileo dell'anno santo 2000.$0(OLS)http://pul/name/37215 850 $aPUL 852 $aPUL$W1$xSL Religione 1$y3$m30 L 74$j68732$nBK-PRI$b $qStampati$B68732$CPULBib$Z2$F68732 $81 852 $aPUL$W1$xFondo C.V.II$y119$mSTO GEN 16$j152914$qFondi$B152408$CPULBib$Z2$F152408 $HCVII 35 $82 852 $aPUL$W1$xDP1 Fondo Bordoni$y120$m3 K 63$j173856$qFondi$B176315$CPULBib$Z2$F176315 $HBor1871 $81 900 $aFisichella, Salvatore,$cvesc.$d1951-$921522 941 1 $a8 941 1 $a1 960 $aConcilio Vaticano II (1962-1965)$971 961 $aINV: 83002 996 $6020$a88-215-4279-3$9(OLS)http://pul/number/151970 996 $6245$aIl Concilio Vaticano II :$brecezione e attualità alla luce del Giubileo$9(OLS)http://pul/title/69694 996 $6260$aCinisello Balsamo :$bSan Paolo$9(OLS)http://pul/publisher/54577